000 01203nam1a22002651 4500
001 rc\4501486
005 20130416173631.2
035 _a(NLR Aleph) 008343318
090 _a8890798
_c8890798
100 _a20130416d1963 |||y0rusy50 ca
101 0 _arus
102 _aRU
105 _a z |||||
200 1 _aРуководство к лабораторным работам по общей электротехнике
_fСост. ст. преподаватель В.Г. Константьева
_gПод ред. доц. Ф.И. Ахонина. Ч. 1-
_gМ-во высш. и сред. спец. образ. УССР. Харьк. политехн. ин-т им. В.И. Ленина. Кафедра общей электротехники
210 _aХарьков
_cБ. и.
_d1963
215 _d22
300 _aНа обл. авт. не указан
700 1 _aКонстантьева
_bВ. Г.
_4220
702 1 _aАхонин
_bФ. И.
_4340
712 0 2 _aХарьковский политехнический институт им. В. И. Ленина
_3RU\NLR\AUTH\8812557
801 0 _aRU
_bNLR
_gpsbo
801 1 _aRU
_bELAR
_2rusmarc
852 _aNLR
_j61-4/5646
942 _cBOOK
980 _aNB